| 000 | 00870nam a2200217Ia 4500 | ||
|---|---|---|---|
| 003 | GCL | ||
| 008 | 140319s9999 xx 000 0 ara d | ||
| 040 |
_aGCL / _cGCL |
||
| 082 | 0 | 4 |
_a338.956 _bا ت |
| 100 | 1 | _aاسامة عبدالرحمن | |
| 245 | 1 | 0 |
_aتنمية التخلف وادارة التنمية: ادارة التنمية فى الوطن العربى والنظام العالمى الجديد / _cاسامة عبدالرحمن |
| 490 |
_aسلسلة الثقافة القومية _v0 |
||
| 650 | 0 | 4 | _aالاقتصاد |
| 650 | 0 | 4 | _aالتنمية الاقتصادية |
| 650 | 0 | 4 | _aالتكتلات الاقتصادية |
| 650 | 0 | 4 | _aالتخلف الاقتصادى |
| 650 | 0 | 4 | _aالسوق الشرق اوسطية |
| 650 | 0 | 4 | _aالتنمية - اليلدان العربية |
| 650 | 0 | 4 | _aالنظام الدولى الجديد |
| 942 |
_2ddc _cBK |
||
| 999 |
_c50481 _d50481 |
||